000 00928 a2200193 4500
020 _a0074708589
020 _a9780074708583
090 _c2411
_d2411
100 1 _aRix.
245 1 0 _aMarketing practical approach :
_ba practical approach /
_cRix.
250 _a4th edition ed.
260 _a[S.l.] :
_bMcGraw-Hill Australia,
_c2000.
300 _a569 p. ;
_c25 cm.
500 _aPaperback.
520 _aThis new edition continues the practical approach that has made previous editions bestsellers. The book will integrate Internet Marketing, Global Issues, Ethical Challenges and Marketing in a Small Business with an Australian perspective. Fully supported by a comprehensive Australian Website.
856 4 0 _3Amazon.com
_uhttp://www.amazon.com/exec/obidos/ASIN/0074708589/chopaconline-20
856 4 0 _3Amazon customer reviews
_uhttp://www.chopac.org/cgi-bin/tools/azrev.pl?q=0074708589
942 _aNBS
_cBK
_k658.8007 RIX
999 _c344909
_d344909